[Event "GRE-ch U12"]
[Site "Peristeri"]
[Date "2023.07.08"]
[Round "8"]
[White "Michail, Konstantinos"]
[Black "Kountrias, Kosmas Ioannis"]
[Result "0-1"]
[WhiteElo "1328"]
[BlackElo "1476"]
[PlyCount "80"]
[EventDate "2023.07.03"]
[EventType "swiss"]
[EventRounds "9"]
[EventCountry "GRE"]
[SourceTitle "EXT 2024"]
[Source "ChessBase"]
[SourceDate "2023.10.10"]
[SourceVersion "1"]
[SourceVersionDate "2023.10.10"]
[SourceQuality "1"]

1. d4 Nf6 2. c4 g6 3. Nc3 Bg7 4. e4 d6 5. Nf3 0-0 6. Be2 e5 7. 0-0 Nc6 8. d5 Ne7 9. b4 Ne8 10. Nd2 f5 11. c5 Nf6 12. Qb3 f4 13. Nc4 g5 14. f3 Ng6 15. Ba3 Rf7 16. Rad1 Bf8 17. Nb2 h5 18. Nd3 Rg7 19. Ne1 Nh4 20. Rd2 g4 21. Bd1 gxf3 22. Nxf3 Ng4 23. Bc1 Ne3 24. Rff2 Bh3 25. Nxh4 Qxh4 26. Bf3 Bxg2 27. Ne2 Bxf3+ 28. Ng3 Rxg3+ 29. hxg3 Qxg3+ 30. Rg2 Bxg2 31. Qxe3 fxe3 32. Rxg2 Qxg2+ 33. Kxg2 Bh6 34. cxd6 cxd6 35. Bxe3 Bxe3 36. Kh3 Kg7 37. a4 Kg6 38. Kh4 Rf8 39. b5 Rf3 40. b6 Bg5# 0-1

[Event "GRE-ch U12"]
[Site "Peristeri"]
[Date "2023.07.05"]
[Round "4"]
[White "Michail, Konstantinos"]
[Black "Pitsakis, Ilias"]
[Result "0-1"]
[WhiteElo "1328"]
[BlackElo "1730"]
[PlyCount "82"]
[EventDate "2023.07.03"]
[EventType "swiss"]
[EventRounds "9"]
[EventCountry "GRE"]
[SourceTitle "EXT 2024"]
[Source "ChessBase"]
[SourceDate "2023.10.10"]
[SourceVersion "1"]
[SourceVersionDate "2023.10.10"]
[SourceQuality "1"]

1. d4 Nf6 2. c4 e6 3. Nf3 Bb4+ 4. Bd2 Qe7 5. e3 0-0 6. Bd3 Bxd2+ 7. Qxd2 d6 8. Nc3 e5 9. e4 Bg4 10. dxe5 dxe5 11. Be2 c6 12. 0-0 Rd8 13. Qc2 Nbd7 14. Rfd1 Nc5 15. h3 Bxf3 16. Bxf3 Ne6 17. Ne2 Ng5 18. Ng3 Nxf3+ 19. gxf3 g6 20. Kh2 Nd7 21. Rg1 Kh8 22. b4 a5 23. a3 Nf8 24. Qc1 Qf6 25. Qe3 Ne6 26. Ne2 Kg7 27. bxa5 Rxa5 28. Qb6 Rda8 29. Rg3 Rxa3 30. Rxa3 Rxa3 31. Kg2 Ra2 32. Nc3 Nf4+ 33. Kh2 Rd2 34. Qb1 Rxf2+ 35. Kg1 Rd2 36. Qf1 Qh4 37. Rg4 Nxh3+ 38. Qxh3 Qxh3 39. Rxg6+ hxg6 40. Ne2 Rxe2 41. c5 Qg2# 0-1